| 000 | 00670nam a22001337a 4500 | ||
|---|---|---|---|
| 040 | _cRUA | ||
| 082 | _aAGR KY 2012 B053 Or.1 | ||
| 100 | _aKY, SEN. | ||
| 245 | _aPesticide utilization tion on dry-season rice in boreichulsa district takeo province, ការប្រើប្រាស់ថ្នាំកសិកម្មទៅលើដំណាំស្រូវប្រាំង នៅក្នុងស្រុកបួូរិជលសារ ខេត្តតាកែវ | ||
| 260 |
_aPhnom Penh _bRUA _c2012 |
||
| 300 |
_axi, 63p. _bill. _c29cm. |
||
| 856 | _uhttps://drive.google.com/file/d/113XQKkk9T-m00tQvMCUplxDDZztEKQXY/view?usp=sharing | ||
| 942 | _cAGR | ||
| 999 |
_c1370 _d1370 |
||